Simulation of Single Particle Dynamics in a Compact Planar Wiggler; IPAC'16

Détails bibliographiques
Parent link:IPAC'16.— 2016.— [P. 3458-3460]
Auteur principal: Shkitov D. A. Dmitriy Andreevich
Collectivité auteur: Национальный исследовательский Томский политехнический университет (ТПУ) Физико-технический институт (ФТИ) Кафедра прикладной физики (№ 12) (ПФ) Инновационная международная научно-образовательная лаборатория "Фотон" (ИМНОЛ "Фотон")
Autres auteurs: Sutygina Y. N. Yana Nikolaevna, Harisova A. E. Anastasiya Evgenievna
Résumé:Title screen
In this report a description of Radia particle dynamics simulation are presented. The single particle dynamics were investigated depending on the horizontal and vertical positions of the particles. The simulation was done for gaussian beam with divergence which moves in a short planar wiggler. The evolution of such a beam along wiggler central axis is shown.
Langue:anglais
Publié: 2016
Sujets:
Accès en ligne:http://dx.doi.org/10.18429/JACoW-IPAC2016-THPMR034
http://accelconf.web.cern.ch/AccelConf/ipac2016/papers/thpmr034.pdf
Format: Électronique Chapitre de livre
KOHA link:https://koha.lib.tpu.ru/cgi-bin/koha/opac-detail.pl?biblionumber=654753

MARC

LEADER 00000naa0a2200000 4500
001 654753
005 20250911110641.0
035 |a (RuTPU)RU\TPU\network\20439 
035 |a RU\TPU\network\20437 
090 |a 654753 
100 |a 20170518d2016 k||y0rusy50 ba 
101 0 |a eng 
102 |a CH 
135 |a drcn ---uucaa 
181 0 |a i  
182 0 |a b 
200 1 |a Simulation of Single Particle Dynamics in a Compact Planar Wiggler  |f D. A. Shkitov, Y. N. Sutygina, A. E. Harisova 
203 |a Text  |c electronic 
300 |a Title screen 
320 |a [References: p. 3460 (8 tit.)] 
330 |a In this report a description of Radia particle dynamics simulation are presented. The single particle dynamics were investigated depending on the horizontal and vertical positions of the particles. The simulation was done for gaussian beam with divergence which moves in a short planar wiggler. The evolution of such a beam along wiggler central axis is shown. 
463 1 |t IPAC'16  |o proceedings of the 7th International Particle Accelerator Conference : May 8-13, 2016, BEXCO, Busan, Korea, PAL, Pohang Accelerator Laboratory  |f ed. board: Christine Petit-Jean-Genaz [et al.]  |v [P. 3458-3460]  |d 2016 
610 1 |a электронный ресурс 
610 1 |a труды учёных ТПУ 
610 1 |a моделирование 
610 1 |a электроны 
610 1 |a синхротроны 
610 1 |a вигглеры 
610 1 |a фокусировка 
700 1 |a Shkitov  |b D. A.  |c physicist  |c Junior Researcher, Tomsk Polytechnic University, Candidate of Physical and Mathematical Sciences  |f 1985-  |g Dmitriy Andreevich  |3 (RuTPU)RU\TPU\pers\31538  |9 15699 
701 1 |a Sutygina  |b Y. N.  |c specialist in the field of nuclear technologies  |c engineer of Tomsk Polytechnic University  |f 1995-  |g Yana Nikolaevna  |9 23112 
701 1 |a Harisova  |b A. E.  |g Anastasiya Evgenievna 
712 0 2 |a Национальный исследовательский Томский политехнический университет (ТПУ)  |b Физико-технический институт (ФТИ)  |b Кафедра прикладной физики (№ 12) (ПФ)  |b Инновационная международная научно-образовательная лаборатория "Фотон" (ИМНОЛ "Фотон")  |3 (RuTPU)RU\TPU\col\20731 
801 1 |a RU  |b 63413507  |c 20141010 
801 2 |a RU  |b 63413507  |c 20170518  |g RCR 
850 |a 63413507 
856 4 |u http://dx.doi.org/10.18429/JACoW-IPAC2016-THPMR034 
856 4 0 |u http://accelconf.web.cern.ch/AccelConf/ipac2016/papers/thpmr034.pdf 
942 |c CF